[Event "It (open)"]
[Site "masterchessopen.com Varna (Bulgaria)"]
[Date "2012.07.13"]
[Round "3"]
[White "Bagaturov Giorgi (GEO)"]
[Black "Sofranov Velizar (BUL)"]
[Result "1-0"]
[WhiteElo "2455"]
[BlackElo "2210"]

1.d4 Nf6 2.c4 g6 3.Nf3 Bg7 4.g3 O-O 5.Bg2 d5 6.O-O dxc4 7.Na3 c3 8.bxc3 c5
9.e3 Nc6 10.Bb2 Qb6 11.Qe2 Bf5 12.Rfd1 Rfd8 13.h3 Be4 14.Nc4 Qa6 15.Bf1 Qa4
16.Ncd2 Bc2 17.Rdc1 cxd4 18.cxd4 Nb4 19.Ne1 Bf5 20.e4 Bd7 21.Qf3 Bh6 22.Bc3
Rac8 23.d5 Be8 24.d6 Rxc3 25.Rxc3 Bxd2 26.dxe7 Rd6 27.Ra3 Qd7 28.e5 Re6
29.exf6 Rxe1 30.Rxe1 Bxe1 31.Rxa7 Nc6 32.Ra8 Bd2 33.Qd5 {#r} 1-0

[Event "Ch Europe (team) (juniors) (under 18)"]
[Site "masterchessopen.com Pardubice (Czech Republic)"]
[Date "2012.07.16"]
[Round "6"]
[White "Skalicky Tomas (CZE)"]
[Black "Tomazini Zan (SLO)"]
[Result "0-1"]
[WhiteElo "2022"]
[BlackElo "2292"]

1.Nf3 Nf6 2.g3 g6 3.Bg2 Bg7 4.O-O d5 5.d4 O-O 6.c4 dxc4 7.Na3 c3 8.bxc3 c5
9.Ne5 Nd5 10.Qc2 Nxc3 11.Qxc3 cxd4 12.Qc5 Na6 13.Qb5 Nc7 14.Nxf7 Rxf7 15.Qb3
d3 16.Rb1 dxe2 17.Re1 Bf5 18.Rxe2 Bxb1 19.Nxb1 e6 20.Nc3 Qd3 21.Re3 Qf5 22.Rf3
Qe5 23.Re3 Qf5 24.Rf3 Qa5 25.Re3 Nd5 26.Bd2 Nxc3 27.Bxc3 Bxc3 28.Rxc3 Rd8 {#R}
0-1

[Event "It (open)"]
[Site "masterchessopen.com Paleochora (Greece)"]
[Date "2012.07.23"]
[Round "9"]
[White "Faibisovich Vadim Z (RUS)"]
[Black "Zinchenko Yaroslav (UKR)"]
[Result "0-1"]
[WhiteElo "2372"]
[BlackElo "2544"]

1.d4 Nf6 2.Nf3 g6 3.g3 Bg7 4.Bg2 d5 5.O-O O-O 6.c4 dxc4 7.Na3 c3 8.bxc3 c5
9.e3 Nc6 10.Bb2 Bf5 11.Qe2 Qb6 12.Rfd1 Rfd8 13.Nc4 Qa6 14.Bf1 Rac8 15.Nfe5
Nxe5 16.dxe5 Nd7 17.e4 Be6 18.f4 Nb6 19.Nxb6 Qxb6 20.Bc1 Rxd1 21.Qxd1 Rd8
22.Qe1 Qc6 23.Be3 b6 24.Bf2 Qa4 25.Qe2 h5 26.c4 Bg4 27.Qb2 Bf3 28.Re1 Rd1
29.Qb5 Qc2 30.Qe8+ Kh7 31.Qxf7 Bxe4 32.g4 Rxe1 33.Bxe1 Qd1 34.f5 Qxg4+ 35.Bg3
gxf5 {#R} 0-1

[Event "It \"]
[Site "masterchessopen.com Helsingor (Denmark)"]
[Date "2012.07.29"]
[Round "2"]
[White "Hinrichs Jan (GER)"]
[Black "Rossen Claus (DEN)"]
[Result "0-1"]
[WhiteElo "2008"]
[BlackElo "2223"]

1.d4 Nf6 2.c4 g6 3.g3 Bg7 4.Bg2 d5 5.Nf3 O-O 6.O-O dxc4 7.Na3 c3 8.bxc3 c5
9.Ne5 Nd5 10.Bb2 Bxe5 11.dxe5 Nb6 12.Qc2 Bf5 13.e4 Bd7 14.f4 Nc6 15.c4 Nb4
16.Qe2 Na4 17.Bc1 Bc6 18.Be3 Qd3 19.Qxd3 Nxd3 20.Rfd1 Rfd8 21.Rd2 b6 22.Rb1
Nb4 23.Rxb4 cxb4 24.Nc2 Rxd2 25.Bxd2 a5 26.Be3 Nc5 27.Bd4 Rd8 28.h3 Ba4
29.Bxc5 Rd1+ 30.Ne1 bxc5 {#R} 0-1

[Event "Tournament (open)"]
[Site "masterchessopen.com Gniezno (Poland)"]
[Date "2012.08.15"]
[Round "9"]
[White "Dzwikowski Adam (POL)"]
[Black "Sobczak Miroslaw (POL)"]
[Result "1-0"]
[WhiteElo "2003"]
[BlackElo "1974"]

1.Nf3 Nf6 2.g3 g6 3.d4 Bg7 4.Bg2 O-O 5.O-O d5 6.c4 dxc4 7.Na3 c3 8.bxc3 c5
9.Ne5 Nfd7 10.Nac4 Nxe5 11.Nxe5 Qa5 12.Qb3 Qa6 13.Bd5 e6 14.Bf3 Nc6 15.Nxc6
bxc6 16.Ba3 c4 17.Qb2 Rd8 18.Be7 Rd5 19.Bxd5 exd5 20.Qa3 Qb7 21.Rfb1 Qd7
22.Qd6 Qe8 23.Rb2 Bf5 24.g4 Bxg4 25.Rab1 Bf5 26.Rb8 Bxb1 27.Rxe8+ Rxe8 28.Qd7
Rb8 29.Qxa7 Rc8 30.a4 Bh6 31.e3 {#r} 1-0

[Event "It \"]
[Site "masterchessopen.com Crawley (England)"]
[Date "2012.08.22"]
[Round "9"]
[White "Venkataramanan T S (IND)"]
[Black "Brown Martin (ENG)"]
[Result "1-0"]
[WhiteElo "2287"]
[BlackElo "2224"]

1.Nf3 Nf6 2.g3 g6 3.Bg2 Bg7 4.O-O O-O 5.d4 d5 6.c4 dxc4 7.Na3 c3 8.bxc3 c5
9.Nc4 Nc6 10.Nce5 Na5 11.Ba3 c4 12.Qa4 Nd5 13.Nxc4 Nc6 14.Qb3 Rb8 15.e4 Nf6
16.Rfe1 b5 17.Nce5 Na5 18.Qb4 Re8 19.Ng5 Qc7 20.Ngxf7 h6 21.Bc1 Be6 22.Nxh6+
Kh7 23.Nhf7 Bxf7 24.Nxf7 Rbc8 25.e5 {#r} 1-0

[Event "Ch Mediterranean (juniors)"]
[Site "masterchessopen.com Chania (Greece)"]
[Date "2012.09.02"]
[Round "8"]
[White "Aggelis Nikolaos (GRE)"]
[Black "Tomazini Aljosa (SLO)"]
[Result "1-0"]
[WhiteElo "2348"]
[BlackElo "2340"]

1.Nf3 Nf6 2.g3 g6 3.Bg2 Bg7 4.O-O O-O 5.d4 d5 6.c4 dxc4 7.Na3 c3 8.bxc3 c5
9.Re1 Qa5 10.Bb2 Rd8 11.e4 e6 12.Nc4 Qc7 13.Rc1 Bd7 14.e5 Ne8 15.Ng5 Bc6
16.Qg4 Bxg2 17.Kxg2 b5 18.Nd2 h6 19.Nge4 c4 20.h4 h5 21.Qf4 Nc6 22.Ba3 b4
23.Bxb4 Nxb4 24.cxb4 Qb7 25.Rxc4 a5 26.Qf3 Qe7 27.b5 a4 28.b6 Ra6 29.Rb1 Rb8
30.Rcb4 Qd8 31.Nc5 Raxb6 32.Rxb6 Rxb6 33.Rxb6 Qxb6 34.Qa8 Qb5 35.Qxa4 {#r} 1-0

[Event "Ch Romania (team) (juniors) (under 12)"]
[Site "masterchessopen.com Mamaia (Romania)"]
[Date "2012.09.03"]
[Round "1"]
[White "Calin Alexandr (MDA)"]
[Black "Strat Bogdan"]
[Result "1-0"]
[WhiteElo "1720"]
[BlackElo "1523"]

1.Nf3 d5 2.d4 Nf6 3.g3 g6 4.Bg2 Bg7 5.O-O O-O 6.c4 dxc4 7.Ne5 Nd5 8.Nxc4 Nc6
9.e3 Bf5 10.e4 Bxe4 11.Bxe4 Nxd4 12.Be3 Nxe3 13.Nxe3 Nc6 14.Nc3 e6 15.Qa4 Qd4
16.Bxc6 bxc6 17.Qxc6 {#r} 1-0

[Event "Ch Germany (juniors) (Internet) (under 14) (final)"]
[Site "masterchessopen.com Internet"]
[Date "2012.09.15"]
[Round "8"]
[White "Donchenko Alexander (GER)"]
[Black "Bach Christopher"]
[Result "1-0"]
[WhiteElo "2305"]
[BlackElo "1608"]

1.d4 Nf6 2.Nf3 g6 3.g3 Bg7 4.Bg2 O-O 5.O-O d5 6.c4 dxc4 7.Na3 c5 8.Nxc4 cxd4
9.Nxd4 a6 10.b3 Nbd7 11.Bb2 Rb8 12.Rc1 Nb6 13.Ne5 Nfd7 14.Nec6 bxc6 15.Nxc6
Qe8 16.Bxg7 Kxg7 17.Nxb8 Nxb8 18.Qd4+ {#r} 1-0